000 00415pab a2200169 454500
008 180718b2009 xxu||||| |||| 00| 0 eng d
100 _aAhuja, Y.L.
245 _aLeadership challenges and globalization
260 _c2009
300 _ap.1-8.
362 _aApr-Jun
650 _aGlobalization
650 _aLeadership
773 _aIndian Journal of Training and Development
908 _aN
909 _a84247
999 _c84247
_d84247